000 00284nam a22001337a 4500
008 170406b xxu||||| |||| 00| 0 eng d
020 _a0891891854
041 _aeng
080 _a616.15
100 _a9
101 _aSHM
245 _aHEMATOLOGIC NEOPLASMS
_cSUN, T
942 _2udc
_cBK
999 _c9925
_d9925